00439nam a2200157Ia 4500008004100000020001300041082001500054100002100069245002800090250000700118260003500125300003100160500001900191600002100210650005000231240925s9999 xx 000 0 und d a71210350 a004.68 HAR aHarte , Lawrence 0a3G Wireless Demystified aNA aToronto:bMc Graw-Hillc,2002. axxviii,1108p.bNAfPirated aIncludes Index aComputer Science aComputer science, information & general works